Những ngày cuối cùng của Uỷ ban Trung ương Đảng Cộng Sản Liên Xô /
Việc giải tán UBTƯ ĐCS Liên Xô, về những năm cuối cùng mà Bộ Chính trị và Ban Bí thư UBTƯ ĐCS Liên Xô bị mất quyền lực và về việc họ bị truy bức.
محفوظ في:
| المؤلف الرئيسي: | |
|---|---|
| مؤلفون آخرون: | , |
| التنسيق: | كتاب |
| اللغة: | Vietnamese |
| منشور في: |
Hà Nội :
Công an nhân dân,
2000.
|
| الموضوعات: | |
| الوسوم: |
إضافة وسم
لا توجد وسوم, كن أول من يضع وسما على هذه التسجيلة!
|
| Thư viện lưu trữ: | Mạng thư viện Đại học Đà Nẵng |
|---|
| LEADER | 01286cam a2200361 i 4500 | ||
|---|---|---|---|
| 001 | 000042548 | ||
| 003 | 422 | ||
| 005 | 20030929111408.0 | ||
| 008 | 010217b2000 vm 000 vie | ||
| 020 | |c 61500 | ||
| 040 | |a IRC |c IRC |d IRC | ||
| 041 | 1 | |a vie | |
| 082 | 1 | 4 | |a 947.084 |b ZE-N |
| 100 | 1 | |a Zencovich, N. A. | |
| 245 | 0 | 6 | |a Những ngày cuối cùng của Uỷ ban Trung ương Đảng Cộng Sản Liên Xô / |c N. A. Zencovich ; Lê Văn Thắng, Đinh Thị Hồng Biên dịch. |
| 260 | |a Hà Nội : |b Công an nhân dân, |c 2000. | ||
| 300 | |a 768tr. ; |c 19cm. | ||
| 520 | 3 | |a Việc giải tán UBTƯ ĐCS Liên Xô, về những năm cuối cùng mà Bộ Chính trị và Ban Bí thư UBTƯ ĐCS Liên Xô bị mất quyền lực và về việc họ bị truy bức. | |
| 610 | 0 | 4 | |a Đảng Cộng sản Liên Xô |x Lịch sử. |
| 630 | 0 | 4 | |a Đảng Cộng sản Liên Xô. |
| 650 | 0 | 4 | |a Đảng Cộng sản Liên Xô |x Lịch sử. |
| 700 | 1 | |a Lê Văn Thắng, |e dịch. | |
| 700 | 1 | |a Đinh Thị Hồng Biên, |e dịch. | |
| OWN | |a DUT | ||
| 999 | |a From the UDN01 | ||
| TYP | |a Monograph | ||
| TYP | |a Printed language | ||
| 980 | |a Mạng thư viện Đại học Đà Nẵng | ||